[Event "POL-ch blitz"]
[Site "Suwalki"]
[Date "2022.09.24"]
[Round "6"]
[White "Sliwicki, Damian"]
[Black "Butkiewicz, Jan"]
[Result "1-0"]
[WhiteElo "2140"]
[BlackElo "1671"]
[PlyCount "93"]
[EventDate "2022.09.24"]
[EventType "swiss (blitz)"]
[EventRounds "15"]
[EventCountry "POL"]
[SourceTitle "CBM 210 Extra"]
[Source "ChessBase"]
[SourceDate "2022.11.30"]
[SourceVersion "1"]
[SourceVersionDate "2022.11.30"]
[SourceQuality "1"]

1. e4 c5 2. Nf3 g6 3. c4 Bg7 4. d4 cxd4 5. Nxd4 Nc6 6. Be3 Nf6 7. Nc3 0-0 8. Be2 d6 9. 0-0 Nxd4 10. Bxd4 Be6 11. Rc1 Nd7 12. Bxg7 Kxg7 13. f4 f5 14. Kh1 Rc8 15. b3 fxe4 16. Nxe4 Nc5 17. Ng5 Bf5 18. Bf3 h6 19. Qd4+ Kg8 20. Ne4 Nxe4 21. Bxe4 Qb6 22. Qxb6 axb6 23. Bxb7 Rc7 24. Bd5+ e6 25. Bf3 Rfc8 26. Rfd1 d5 27. g4 Be4 28. Bxe4 dxe4 29. Re1 b5 30. Rxe4 Ra8 31. Rc2 bxc4 32. Rexc4 Rd7 33. Kg2 Kf7 34. Rc7 Rxc7 35. Rxc7+ Kf6 36. a4 Rb8 37. Rc3 g5 38. fxg5+ Kxg5 39. Kg3 Rb4 40. h4+ Kf6 41. Kf3 Ke5 42. Rc5+ Kd6 43. Rb5 Rd4 44. a5 e5 45. a6 Rd3+ 46. Ke2 Rd4 47. a7 1-0

[Event "POL-ch U12"]
[Site "Uniejow"]
[Date "2021.07.20"]
[Round "3"]
[White "Cieslak, Patryk"]
[Black "Butkiewicz, Jan"]
[Result "1-0"]
[WhiteElo "1565"]
[BlackElo "1442"]
[PlyCount "59"]
[EventDate "2021.07.18"]
[EventType "swiss"]
[EventRounds "9"]
[EventCountry "POL"]
[SourceTitle "EXT 2022"]
[Source "ChessBase"]
[SourceDate "2021.10.06"]
[SourceVersion "1"]
[SourceVersionDate "2021.10.06"]
[SourceQuality "1"]

1. e4 c5 2. Nf3 Nc6 3. d4 cxd4 4. Nxd4 Nf6 5. Nc3 d6 6. f3 g6 7. Be3 Bg7 8. Qd2 0-0 9. 0-0-0 Bd7 10. g4 a6 11. h4 h5 12. gxh5 Nxh5 13. Nd5 e6 14. Nc3 Qa5 15. Nb3 Bxc3 16. Nxa5 Bxd2+ 17. Bxd2 Nxa5 18. Bxa5 d5 19. c4 Rfc8 20. Kb1 Ng3 21. Rg1 Nxf1 22. Rgxf1 Rxc4 23. exd5 exd5 24. Rxd5 Bf5+ 25. Ka1 Be6 26. Rg5 Rxh4 27. Bc3 Rh5 28. Rxh5 gxh5 29. Rg1+ Kf8 30. Bb4+ 1-0